000 00851nam a2200241 a 4500
003 MX-MxUPN
005 20240706063646.0
008 991125s1927 mx r 000 0 spa d
035 _aUPN01000057401
040 _aMX-MxUPN
_bspa
_cMX-MxUPN
041 0 _aspa
050 1 4 _aLC4019
_bR6.8
100 1 _aRodríguez Calderón, Leopoldo
_952693
245 1 0 _aTratamiento y educación de los niños anormales :
_bnociones de psiquiatría infantil
260 _aTepic :
_bImpr. Ruiz,
_c1927.
300 _a243 páginas, [2] h. de láms.
650 4 _aEducación especial
_93029
650 4 _aNiños con discapacidad
_xEducación
_91549
710 1 _aMéxico.
_bSecretaría de Educación Pública.
_bBiblioteca Pública
_951349
710 2 _aMuseo Pedagógico Nacional (México)
_951335
_epropietario anterior
904 _aAC
_b057404
942 _2lcc
_cLIBRO
999 _c57401
_d57401